Teoría y problemas de ecuaciones diferenciales modernas: con transformaciones de Laplace, métodos numéricos, métodos de matrices, problemas de valor Eigen
Na minha lista:
| Autor principal: | |
|---|---|
| Formato: | Livro |
| Idioma: | espanhol |
| Publicado em: |
Ciudad de México
McGraw-Hill
1976
|
| Colecção: | Serie de Compendios Schaum
|
| Assuntos: | |
| Tags: |
Adicionar Tag
Sem tags, seja o primeiro a adicionar uma tag!
|
MARC
| LEADER | 00000nam a2200000 a 4500 | ||
|---|---|---|---|
| 001 | UCV3921 | ||
| 003 | CL-VaPUC | ||
| 008 | 880712e19760000MX |||||||||||||||||spa|d | ||
| 082 | 0 | 4 | |a 515.35 |b BRO |2 21 |
| 100 | 0 | |a Bronson, Richard |e author |9 298320 | |
| 245 | 1 | 0 | |a Teoría y problemas de ecuaciones diferenciales modernas: con transformaciones de Laplace, métodos numéricos, métodos de matrices, problemas de valor Eigen |
| 300 | |a 310 p | ||
| 942 | |c BK | ||
| 945 | |d 19880712 00:00:00 |a mfernand | ||
| 260 | |a Ciudad de México |b McGraw-Hill |c 1976 | ||
| 650 | 0 | |a Ecuaciones diferenciales |9 260083 | |
| 650 | 0 | |a Transformaciones de Laplace |9 260072 | |
| 583 | |a last modification |c 19880712 00:00:00 |k Rodrigo Vera | ||
| 490 | 0 | |a Serie de Compendios Schaum | |
| 999 | |c 211016 |d 211014 | ||
| 952 | |0 0 |1 0 |2 ddc |4 0 |6 515_350000000000000_BRO_1976 |7 0 |8 A |9 188343 |a BIBING |b BIBING |c GEN |d 2019-11-14 |i 2559196 |o 515.35 BRO 1976 |p 2559196 |r 2025-01-20 |w 2019-11-14 |y BK |k ING | ||
| 952 | |0 0 |1 0 |4 0 |6 515_350000000000000_BRO_1976 |7 0 |8 A |9 188344 |a BIBCUR |b BIBCUR |d 2019-11-14 |i 3078752 |l 1 |m 1 |o 515.35 BRO 1976 |p 3078752 |r 2025-04-22 |s 2022-11-14 |w 2019-11-14 |y BK |k BCB | ||
| 952 | |0 0 |1 0 |4 0 |6 515_350000000000000_BRO_1976 |7 0 |8 A |9 188345 |a BIBCUR |b BIBCUR |d 2019-11-14 |i 3180271 |o 515.35 BRO 1976 |p 3180271 |r 2025-04-22 |w 2019-11-14 |y BK |k BCB | ||
| 952 | |0 0 |1 0 |4 0 |6 515_350000000000000_BRO_1976 |7 0 |8 A |9 188346 |a BIBCUR |b BIBCUR |d 2019-11-14 |i 3181154 |o 515.35 BRO 1976 |p 3181154 |r 2025-04-22 |w 2019-11-14 |y BK |k BCB | ||
| 952 | |0 0 |1 0 |2 ddc |4 0 |6 515_350000000000000_BRO_1976 |7 0 |8 A |9 188348 |a BIBING |b BIBING |c GEN |d 2019-11-14 |i 1722336 |o 515.35 BRO 1976 |p 1722336 |r 2025-01-20 |w 2019-11-14 |y BK |k ING | ||
| 952 | |0 0 |1 0 |2 ddc |4 0 |6 515_350000000000000_BRO_1976 |7 0 |8 A |9 188349 |a BIBING |b BIBING |c GEN |d 2019-11-14 |i 4096614 |o 515.35 BRO 1976 |p 4096614 |r 2025-01-20 |w 2019-11-14 |y BK |k ING | ||